000 00812cam a2200301 4500
008 090401t1996 xxu||||| |||| 00| 0 eng d
020 _a1861340125
035 _a(Sirsi) u61846
041 _aeng
050 _a711.58
100 _aBramley, G.
245 _aSteering the housing market : new building and the changing planning system.
260 _aBristol
_bThe Policy Press
_c1996
300 _aiv,75p. : ill. ; 30cm.
350 _a11.95
520 _aProduced in association with the Joseph Rowntree Foundation.
650 _aHOUSE PRICES
650 _aHOUSE BUILDING
650 _aHOUSING MARKET
650 _aHOUSING POLICY
650 _aHOUSING SUPPLY
650 _aLAND
650 _aPLANNING
690 _aHOUSING
700 _aWatkins, C.
942 _n0
948 _c04/03/1997
999 _c94355
_d94355